Завещание (Запись № 10223849)
[ простой вид ]
| 000 -МАРКЕР | |
|---|---|
| контрольное поле | 02190nam0a2200385 i 4500 |
| 001 - ИДЕНТИФИКАТОР ЗАПИСИ | |
| контрольное поле | RU\NLR\BIBL_A\010815914 |
| 005 - ИДЕНТИФИКАТОР ВЕРСИИ | |
| контрольное поле | 20260531070546.0 |
| 010 ## - МЕЖДУНАРОДНЫЙ СТАНДАРТНЫЙ НОМЕР КНИГИ (ISBN) | |
| Номер (ISBN) | 9785990655614 |
| 021 ## - НОМЕР ГОСУДАРСТВЕННОЙ РЕГИСТРАЦИИ | |
| Код страны | Российская Федерация |
| Номер | 2015-50557 |
| Номер Листа государственной регистраци | 2994 |
| 035 ## - ДРУГИЕ СИСТЕМНЫЕ НОМЕРА | |
| Идентификатор записи | (NILC)RuMoRGB-007972948 |
| 035 ## - ДРУГИЕ СИСТЕМНЫЕ НОМЕРА | |
| Идентификатор записи | (NLR Aleph) 010815914 |
| 100 ## - ДАННЫЕ ОБЩЕЙ ОБРАБОТКИ | |
| Данные общей обработки | 20150812d2015 um y0rusy50 ca |
| 101 1# - ЯЗЫК РЕСУРСА | |
| Язык текста, звукозаписи и т.д. | русский |
| 102 ## - СТРАНА ПУБЛИКАЦИИ ИЛИ ПРОИЗВОДСТВА | |
| Страна публикации | Российская Федерация |
| 105 ## - ПОЛЕ КОДИРОВАННЫХ ДАННЫХ: ТЕКСТОВЫЕ МАТЕРИАЛЫ, МОНОГРАФИЧЕСКИЕ | |
| Кодированные данные о монографическом текстовом документе | ac||z||||11ay |
| 200 1# - ЗАГЛАВИЕ И СВЕДЕНИЯ ОБ ОТВЕТСТВЕННОСТИ | |
| Основное заглавие | Завещание |
| Сведения, относящиеся к заглавию | [каталог выставки, посвященной 90-летию Р. Гамзатова |
| Первые сведения об ответственности | авт. вступ. ст.: засл. работник культуры РД Салихат Гамзатова |
| Последующие сведения об ответственности | стихи Р. Гамзатова] |
| 210 ## - ПУБЛИКАЦИЯ, РАСПРОСТРАНЕНИЕ И ДР. | |
| Место издания, распространения и т.д. | Махачкала |
| Имя издателя, распространителя и т. д. | Мастер |
| Дата издания, распространения и т.д. | 2015 |
| 215 ## - ФИЗИЧЕСКАЯ ХАРАКТЕРИСТИКА | |
| Специфическое обозначение материала и объем | 101, [2] с. |
| Другие сведения о физической характеристике | цв. ил., портр. |
| Размеры | 23 |
| 300 ## - ОБЩИЕ ПРИМЕЧАНИЯ | |
| Текст примечания | В надзаг.: М-во культуры Респ. Дагестан, Даг. музей изобраз. искусств им. П. С. Гамзатовой |
| 320 ## - ПРИМЕЧАНИЯ О НАЛИЧИИ В ДОКУМЕНТЕ БИБЛИОГРАФИИ / УКАЗАТЕЛЯ | |
| Текст примечания | Библиогр. в подстроч. примеч. |
| 601 02 - НАИМЕНОВАНИЕ ОРГАНИЗАЦИИ КАК ПРЕДМЕТ | |
| Начальный элемент ввода | Дагестанский музей изобразительных искусств им. П. С. Гамзатовой |
| Идентифицирующий признак | Махачкала, город |
| Формальный подзаголовок | Каталоги |
| Системный номер авторитетной/нормативной записи | 2251727 |
| Идентификатор авторитетной/нормативной записи | RU\NLR\AUTH\6601581142 |
| 686 1# - ИНДЕКСЫ ДРУГИХ КЛАССИФИКАЦИЙ | |
| Индекс | Щ101.3(2Р)-2Махачкала2Музей изобразительных искусств им. П. С. Гамзатовой |
| 686 2# - ИНДЕКСЫ ДРУГИХ КЛАССИФИКАЦИЙ | |
| Индекс | Ш6(2=Ав)7-5 |
| 702 #1 - ИМЯ ЛИЦА - ВТОРИЧНАЯ ОТВЕТСТВЕННОСТЬ | |
| Код отношения | Прочие |
| Материалы, к которым относится поле | rus |
| Графика поля | Кириллица |
| Начальный элемент ввода | Гамзатов |
| Часть имени, кроме начального элемента ввода | Р. Г. |
| Расширение инициалов личного имени | Расул Гамзатович |
| Даты | 1923-2003 |
| Идентификатор авторитетной/нормативной записи | RU\NLR\AUTH\7731147 |
| Системный номер авторитетной/нормативной записи | 14158 |
| 711 12 - НАИМЕНОВАНИЕ ОРГАНИЗАЦИИ - АЛЬТЕРНАТИВНАЯ ОТВЕТСТВЕННОСТЬ | |
| Начальный элемент ввода | "Завещание", выставка |
| Место проведения временной организации | Махачкала |
| Дата проведения временной организации | 2013 |
| Системный номер авторитетной/нормативной записи | 481232 |
| Идентификатор авторитетной/нормативной записи | RU\NLR\AUTH\880407502 |
| 712 02 - НАИМЕНОВАНИЕ ОРГАНИЗАЦИИ - ВТОРИЧНАЯ ОТВЕТСТВЕННОСТЬ | |
| Код отношения | Прочие |
| Начальный элемент ввода | Дагестанский музей изобразительных искусств им. П. С. Гамзатовой |
| Идентифицирующий признак | Махачкала |
| Идентификатор авторитетной/нормативной записи | RU\NLR\AUTH\880407498 |
| Системный номер авторитетной/нормативной записи | 481224 |
| 801 #0 - ИСТОЧНИК ЗАПИСИ | |
| Страна | Российская Федерация |
| Организация | РГБ |
| Дата составления | 20150709 |
| Правила каталогизации | RCR |
| 942 ## - ДОПОЛНИТЕЛЬНЫЕ ЭЛЕМЕНТЫ ЗАПИСИ (АБИС) | |
| Тип экземпляра АБИС | Книга |
| 980 ## - КОЛЛЕКЦИЯ | |
| Название коллекции | НБР |
Нет доступных экземпляров.